神戸市にある駅 - Statistics

General Stats
  • This quiz has been taken 46 times
  • The average score is 69 of 121
Answer Stats
Hint Answer % Correct
神戸
97%
三ノ宮
91%
須磨
91%
元町
91%
新長田
91%
88%
山陽本線 兵庫
88%
六甲
88%
六甲道
85%
神戸三宮
85%
三宮
85%
新神戸
85%
須磨海浜公園
82%
垂水
82%
舞子
82%
摂津本山
79%
住吉
79%
東海道本線 甲南山手
76%
鷹取
76%
新開地
76%
西神中央
76%
摩耶
74%
塩屋
74%
王子公園
74%
高速神戸
74%
長田
74%
神戸空港
74%
阪急神戸線 岡本
71%
御影
71%
春日野道
71%
神鉄有馬線 湊川
71%
和田岬
71%
谷上
68%
三宮・花時計前
68%
西元町
65%
湊川公園
65%
鵯越
62%
有馬温泉
62%
名谷
62%
総合運動公園
62%
西神南
62%
福知山線 道場
59%
石屋川
59%
岩屋
59%
鈴蘭台
59%
山陽電鉄 板宿
59%
山陽須磨
59%
須磨浦公園
59%
伊川谷
59%
青木
56%
大石
56%
西灘
56%
神戸高速線 花隈
56%
大開
56%
西代
56%
西鈴蘭台
56%
山陽垂水
56%
舞子公園
56%
県庁前
56%
大倉山
56%
ハーバーランド
56%
新在家
53%
有馬口
53%
魚崎
53%
阪神本線 深江
50%
高速長田
50%
北鈴蘭台
50%
東須磨
50%
月見山
50%
学園都市
50%
旧居留地・大丸前
50%
神鉄道場
47%
山陽塩屋
47%
駒ヶ林
47%
御崎公園
47%
みなと元町
47%
北埠頭
47%
神鉄粟生線 鈴蘭台西口
44%
滝の茶屋
44%
神戸市営地下鉄 妙法寺
44%
苅藻
44%
中央市場前
44%
中公園
44%
計算科学センター(神戸どうぶつ王国・「富岳」前)
44%
中埠頭
44%
南魚崎
44%
丸山
41%
神鉄六甲
41%
押部谷
41%
須磨寺
41%
東垂水
41%
神戸新交通 貿易センター
41%
医療センター
41%
アイランドセンター
41%
マリンパーク
41%
山の街
38%
岡場
38%
二郎
38%
西舞子
38%
上沢
38%
ポートターミナル
38%
みなとじま
38%
南公園
38%
箕谷
35%
花山
35%
大池
35%
唐櫃台
35%
道場南口
35%
霞ヶ丘
35%
アイランド北口
35%
田尾寺
32%
藍那
32%
市民広場
32%
神鉄三田線 五社
29%
木幡
29%
木津
26%
26%
No matching quizzes found
Score Distribution
Percent of People with Each Score
Percentile by Number Answered
Your Score History
You have not taken this quiz